Kỹ thuật trồng ca cao ở Việt Nam
Gespeichert in:
| 1. Verfasser: | |
|---|---|
| Format: | Buch |
| Sprache: | Undetermined |
| Veröffentlicht: |
Hà Nội
Nông nghiệp
2009
|
| Schlagworte: | |
| Tags: |
Tag hinzufügen
Keine Tags, Fügen Sie den ersten Tag hinzu!
|
| Thư viện lưu trữ: | Trung tâm Học liệu Trường Đại học Cần Thơ |
|---|
| LEADER | 00591nam a2200193Ia 4500 | ||
|---|---|---|---|
| 001 | CTU_167989 | ||
| 008 | 210402s9999 xx 000 0 und d | ||
| 082 | |a 633.74 | ||
| 082 | |b Ph557 | ||
| 100 | |a Phạm, Hồng Đức Phước | ||
| 245 | 0 | |a Kỹ thuật trồng ca cao ở Việt Nam | |
| 245 | 0 | |c Phạm Hồng Đức Phước | |
| 260 | |a Hà Nội | ||
| 260 | |b Nông nghiệp | ||
| 260 | |c 2009 | ||
| 650 | |a Cacao,Kỹ thuật trồng cacao | ||
| 650 | |x planting | ||
| 910 | |a Nguyên | ||
| 980 | |a Trung tâm Học liệu Trường Đại học Cần Thơ | ||